Un magisterio vital: historia, educación y cultura. Homenaje a Héctor Herrera Cajas
Αποθηκεύτηκε σε:
| Κύριοι συγγραφείς: | , |
|---|---|
| Άλλοι συγγραφείς: | |
| Μορφή: | Βιβλίο |
| Γλώσσα: | Ισπανικά |
| Έκδοση: |
Santiago, Chile
Universitaria
2009
|
| Σειρά: | El Saber y la Cultura
|
| Θέματα: | |
| Ετικέτες: |
Προσθήκη ετικέτας
Δεν υπάρχουν, Καταχωρήστε ετικέτα πρώτοι!
|
MARC
| LEADER | 00000cam a2200000 a 4500 | ||
|---|---|---|---|
| 001 | UCH1281 | ||
| 003 | CL-VaPUC | ||
| 005 | 20250425110445.0 | ||
| 008 | 090416e20090000CL |||||||||||||||||spa|d | ||
| 999 | |c 333334 |d 333332 | ||
| 020 | |a 9789561120464 | ||
| 040 | |c Pontificia Universidad Católica de Valparaíso | ||
| 082 | 0 | 4 | |a 370.1 WID 2009 |2 21 |
| 100 | 1 | |a Widow Lira, José Luis |9 535698 | |
| 245 | 1 | 3 | |a Un magisterio vital: historia, educación y cultura. Homenaje a Héctor Herrera Cajas |
| 260 | 3 | |a Santiago, Chile |b Universitaria |c 2009 | |
| 300 | |a 474 páginas | ||
| 490 | 0 | |a El Saber y la Cultura | |
| 583 | |a last modification |c 20121016 11:51:13 |k Rodrigo Vera | ||
| 600 | |a Herrera Cajas, Héctor Enrique |d 1930-1997 |9 888384 | ||
| 650 | 0 | |a Filosofía de la educación |9 258384 | |
| 650 | 0 | |a Filosofía de la historia |9 265651 | |
| 650 | 0 | |a Historia medieval |9 258042 | |
| 650 | 0 | |a Biografías |9 255210 | |
| 700 | |a Pezoa B., Alvaro |e author |9 558471 | ||
| 700 | |a Marín Riveros, José Alejandro |e autor |9 890508 | ||
| 942 | |c BK |2 ddc |n 0 | ||
| 945 | |d 20090416 00:00:00 |a rbrito | ||
| 952 | |0 0 |1 0 |4 0 |6 370_100000000000000_WID_2009 |7 0 |8 A |9 421665 |a BIBHIS |b BIBHIS |d 2019-11-22 |i 4538757 |o 370.1 WID 2009 |p 4538757 |r 2025-01-20 |w 2019-11-22 |y BK |k HIS | ||
| 952 | |0 0 |1 0 |4 0 |6 370_100000000000000_WID_2009 |7 0 |8 X |9 421666 |a FDOBUD |b FDOBUD |d 2019-11-22 |i 4540905 |o 370.1 WID 2009 |p 4540905 |r 2019-11-22 |w 2019-11-22 |y BK_X |k BUD | ||
| 952 | |0 0 |1 0 |4 0 |6 370_100000000000000_WID_2009 |7 0 |8 A |9 421667 |a BIBGIM |b BIBGIM |d 2019-11-22 |i 4540913 |o 370.1 WID 2009 |p 4540913 |r 2025-01-15 |w 2019-11-22 |y BK |k GIM | ||
| 952 | |0 0 |1 0 |4 0 |6 370_100000000000000_WID_2009 |7 0 |8 A |9 421668 |a BIBHIS |b BIBHIS |d 2019-11-22 |i 4540867 |o 370.1 WID 2009 |p 4540867 |r 2025-01-20 |w 2019-11-22 |y BK |k HIS | ||
| 952 | |0 0 |1 0 |4 0 |6 370_100000000000000_WID_2009 |7 0 |8 A |9 421669 |a BIBHIS |b BIBHIS |d 2019-11-22 |i 4540875 |o 370.1 WID 2009 |p 4540875 |r 2025-01-20 |w 2019-11-22 |y BK |k HIS | ||
| 952 | |0 0 |1 0 |4 0 |6 370_100000000000000_WID_2009 |7 0 |8 A |9 421670 |a BIBHIS |b BIBHIS |d 2019-11-22 |i 4540883 |o 370.1 WID 2009 |p 4540883 |r 2025-01-20 |w 2019-11-22 |y BK |k HIS | ||
| 952 | |0 0 |1 0 |4 0 |6 370_100000000000000_WID_2009 |7 0 |8 A |9 421671 |a BIBHIS |b BIBHIS |d 2019-11-22 |i 4540891 |l 1 |o 370.1 WID 2009 |p 4540891 |r 2025-01-20 |s 2022-10-11 |w 2019-11-22 |y BK |k HIS | ||
| 952 | |0 0 |1 0 |4 0 |6 370_100000000000000_WID_2009 |7 0 |8 A |9 421672 |a BIBHIS |b BIBHIS |d 2019-11-22 |i 4551184 |o 370.1 WID 2009 |p 4551184 |r 2025-01-20 |w 2019-11-22 |y BK |k HIS | ||
| 952 | |0 0 |1 0 |4 0 |6 370_100000000000000_WID_2009 |7 0 |8 X |9 421673 |a FDOBUD |b FDOBUD |d 2019-11-22 |i 4596617 |o 370.1 WID 2009 |p 4596617 |r 2019-11-22 |w 2019-11-22 |y BK_X |k BUD | ||
| 952 | |0 0 |1 0 |4 0 |6 370_100000000000000_WID_2009 |7 0 |8 A |9 421674 |a BIBEDU |b BIBEDU |d 2019-11-22 |i 4916298 |o 370.1 WID 2009 |p 4916298 |r 2019-11-22 |w 2019-11-22 |y BK |k EPE | ||
| 952 | |0 0 |1 0 |2 ddc |3 erb |4 0 |6 370_100000000000000_WID_2009 |7 0 |8 DER_HDC |9 421675 |a BIBDER |b BIBDER |i 545994K |o 370.1 WID 2009 |p 545994K |r 2023-01-25 |w 2019-11-22 |x Ubicación 4to Piso |y BK |z Estos recursos deben solicitarse con anticipación |k DER | ||
| 952 | |0 0 |1 0 |2 ddc |4 0 |6 370_100000000000000_WID_2009 |7 0 |8 DER_HDC |9 562301 |a BIBDER |b BIBDER |d 2020-04-03 |i 5618932 |l 1 |o 370.1 WID 2009 |p 5618932 |r 2023-01-25 |s 2020-04-30 |t 12 |w 2020-04-03 |y BK |k DER | ||